LEADER 00952nam a2200277 i 4500 001 991002255849707536 005 20020508193121.0 008 940512s1993 it ||| | ||| 035 $ab10982103-39ule_inst 035 $aPARLA158228$9ExL 040 $aDip.to Filosofia$bita 100 1 $aGuitton, Jean$0155129 245 10$aChe cosa credo /$cJean Guitton ; traduzione di Marta Spranzi ; prefazione all'edizione italiana di Giulio Giorello 260 $aMilano :$bBompiani,$cc1993 300 $a162 p. ;$c23 cm. 650 4$aDio 650 4$aFEDE 700 1 $aGIORELLO, Giulio 700 1 $aSpranzi, Marta 740 0 $aCe que je crois 907 $a.b10982103$b21-09-06$c28-06-02 912 $a991002255849707536 945 $aLE005 MF 28 G 24$g1$i2005000200991$lle005$o-$pE0.00$q-$rl$s- $t0$u0$v0$w0$x0$y.i11094990$z28-06-02 996 $aCe que je crois$935328 997 $aUNISALENTO 998 $ale005$b01-01-94$cm$da $e-$feng$git $h0$i1 LEADER 00985nam a2200265 i 4500 001 991000801429707536 005 20020506123944.0 008 951221s1971 de ||| | eng 035 $ab10131486-39ule_inst 035 $aLE00637081$9ExL 040 $aDip.to Fisica$bita 084 $a53.7.8 084 $a53.8.3 100 1 $aRuth, Volker$0461003 245 10$aAdvances in epitaxy and endotaxy :$bphysical problems of epitaxy /$cedited by Helmut G. Schneider and Volker Ruth 260 $aLeipzig :$bVEB Deutscher Verlag fur Grundstoffindustrie,$c1971 300 $a251 p. :$bill. ;$c24 cm. 650 4$aEpitaxy 700 1 $aSchneider, Helmut G. 907 $a.b10131486$b21-09-06$c27-06-02 912 $a991000801429707536 945 $aLE006 53.7.8+53.8.3 SCH$g1$i2006000058391$lle006$o-$pE0.00$q-$rl$s- $t0$u0$v0$w0$x0$y.i10153974$z27-06-02 996 $aAdvances in epitaxy and endotaxy$9186096 997 $aUNISALENTO 998 $ale006$b01-01-95$cm$da $e-$feng$gde $h0$i1